<?xml version='1.0' encoding='UTF-8'?>
  <record xmlns="http://www.loc.gov/MARC21/slim">
    <leader>00000cam a22000007i 4500</leader>
    <controlfield tag="001">ocn974095358</controlfield>
    <controlfield tag="003">OCoLC</controlfield>
    <controlfield tag="005">20250414032052.3</controlfield>
    <controlfield tag="008">080211s1542    fr            001 0 lat d</controlfield>
    <datafield tag="040" ind1=" " ind2=" ">
      <subfield code="a">QGJ</subfield>
      <subfield code="b">eng</subfield>
      <subfield code="e">rda</subfield>
      <subfield code="e">dcrmr</subfield>
      <subfield code="c">QGJ</subfield>
      <subfield code="d">OCLCO</subfield>
      <subfield code="d">QGJ</subfield>
      <subfield code="d">OCLCL</subfield>
      <subfield code="d">OCLCQ</subfield>
      <subfield code="d">QGJ</subfield>
    </datafield>
    <datafield tag="035" ind1=" " ind2=" ">
      <subfield code="a">(OCoLC)974095358</subfield>
    </datafield>
    <datafield tag="100" ind1="1" ind2=" ">
      <subfield code="a">Bucer, Martin,</subfield>
      <subfield code="d">1491-1551,</subfield>
      <subfield code="e">author.</subfield>
      <subfield code="4">aut</subfield>
      <subfield code="1">https://id.oclc.org/worldcat/entity/E39PBJc3MqCpVWF9hBf3Gcm8G3</subfield>
    </datafield>
    <datafield tag="245" ind1="1" ind2="0">
      <subfield code="a">Acta colloquii in comitiis imperij Ratisponae habiti, hoc est articuli de religione conciliati &amp; non conciliati omnes, ut ab Imperatore Ordinibus Imperij ad iudicandum &amp; deliberandum propositi sunt :</subfield>
      <subfield code="b">Consulta &amp; deliberata de his actis Imperatoris singulorum Ordinum imperij,&amp; Legati Romani. Et, quaedam alia, quorum Catalogum habes sequenti pagina /</subfield>
      <subfield code="c">Per Martinum Bucerum.</subfield>
    </datafield>
    <datafield tag="246" ind1="3" ind2=" ">
      <subfield code="a">Acta colloqvii in comitiis imperii Ratisponae habiti, hoc est articvli de religione conciliati &amp; non conciliati omnes, ut ab Imperatore Ordinibus Imperij ad iudicandum &amp; deliberandum propositi sunt</subfield>
    </datafield>
    <datafield tag="264" ind1=" " ind2="1">
      <subfield code="a">Argentorati :</subfield>
      <subfield code="b">per Vuendelinum Riheliu[m],</subfield>
      <subfield code="c">M. D. XLI. [1541]</subfield>
    </datafield>
    <datafield tag="300" ind1=" " ind2=" ">
      <subfield code="a">[20], 236, [16] pages ;</subfield>
      <subfield code="c">20 cm (4to)</subfield>
    </datafield>
    <datafield tag="336" ind1=" " ind2=" ">
      <subfield code="a">text</subfield>
      <subfield code="b">txt</subfield>
      <subfield code="2">rdacontent</subfield>
    </datafield>
    <datafield tag="337" ind1=" " ind2=" ">
      <subfield code="a">unmediated</subfield>
      <subfield code="b">n</subfield>
      <subfield code="2">rdamedia</subfield>
    </datafield>
    <datafield tag="338" ind1=" " ind2=" ">
      <subfield code="a">volume</subfield>
      <subfield code="b">nc</subfield>
      <subfield code="2">rdacarrier</subfield>
    </datafield>
    <datafield tag="340" ind1=" " ind2=" ">
      <subfield code="m">4to</subfield>
      <subfield code="2">rdabf</subfield>
    </datafield>
    <datafield tag="500" ind1=" " ind2=" ">
      <subfield code="a">Printer's name from colophon.</subfield>
    </datafield>
    <datafield tag="500" ind1=" " ind2=" ">
      <subfield code="a">Year of publication on title page: 1541; year of publication in colophon: 1542.</subfield>
    </datafield>
    <datafield tag="500" ind1=" " ind2=" ">
      <subfield code="a">Imprint: Argentorati Mense Septembri M. D. XLI.</subfield>
    </datafield>
    <datafield tag="500" ind1=" " ind2=" ">
      <subfield code="a">Colophon: Argentorati per Vuendelinum Riheliu[m] M.D.XLII.</subfield>
    </datafield>
    <datafield tag="500" ind1=" " ind2=" ">
      <subfield code="a">Contains also: Abusuum ecclesiasticorum, et rationis, qua corrigere hos oporteat, indicatio Imperatori[a]e Maiest. in comitiis Regenspurgi, postulanti, exhibita. / Per Martinum Bucerum.</subfield>
    </datafield>
    <datafield tag="500" ind1=" " ind2=" ">
      <subfield code="a">Includes index.</subfield>
    </datafield>
    <datafield tag="500" ind1=" " ind2=" ">
      <subfield code="a">Initials, printed marginal notes.</subfield>
    </datafield>
    <datafield tag="500" ind1=" " ind2=" ">
      <subfield code="a">Signatures: A⁶ ²A⁴ B-Z⁴ Aa-Hh⁴ ²I⁴; A4v is blank.</subfield>
    </datafield>
    <datafield tag="510" ind1="4" ind2=" ">
      <subfield code="a">Verzeichnis der im deutschen Sprachbereich erschienenen Drucke des 16. Jahrhunderts (VD 16),</subfield>
      <subfield code="c">ZV 34113</subfield>
      <subfield code="u">https://gateway-bayern.de/VD16+ZV+34113</subfield>
    </datafield>
    <datafield tag="611" ind1="2" ind2="0">
      <subfield code="a">Regensburg Colloquy of 1541</subfield>
      <subfield code="d">(1541 :</subfield>
      <subfield code="c">Regensburg, Germany)</subfield>
    </datafield>
    <datafield tag="611" ind1="2" ind2="7">
      <subfield code="a">Regensburg Colloquy of 1541</subfield>
      <subfield code="2">fast</subfield>
    </datafield>
    <datafield tag="700" ind1="1" ind2=" ">
      <subfield code="a">Rihel, Wendelin,</subfield>
      <subfield code="e">printer.</subfield>
      <subfield code="4">prt</subfield>
      <subfield code="1">https://id.oclc.org/worldcat/entity/E39PBJy49hpB6KWVy7JffRdhHC</subfield>
    </datafield>
    <datafield tag="700" ind1="1" ind2="2">
      <subfield code="i">Container of (work):</subfield>
      <subfield code="a">Bucer, Martin,</subfield>
      <subfield code="d">1491-1551.</subfield>
      <subfield code="t">Bucer, Martin: Abusuum ecclesiasticorum et rationis qua corrigere eos oporteat indicatio.</subfield>
    </datafield>
    <datafield tag="752" ind1=" " ind2=" ">
      <subfield code="a">France</subfield>
      <subfield code="d">Strasbourg,</subfield>
      <subfield code="e">publication place</subfield>
      <subfield code="4">pup</subfield>
    </datafield>
    <datafield tag="881" ind1=" " ind2=" ">
      <subfield code="a">ACTA COLLO||QVII IN COMITIIS IMPERII RA=||TISPONAE HABITI, HOC EST ARTICVLI || de religione conciliati, &amp; non conciliati om=||nes, ut ab Imperatore Ordinibus Impe=||rij ad iudicandum, &amp; deliberan=||dum propositi sunt.|| Consulta &amp; deliberata de his actis Imperatoris || singulorum Ordinum Imperij, &amp; Le=||gati Romani. ||</subfield>
    </datafield>
  </record>